Villes hôtes des jeux olympiques d'hiver - Statistiques

Statistiques générales
  • Ce quiz a été pris 1 248 fois
  • Le résultat moyen est 14 sur 24
Statistiques - réponses
Date Réponse % Correct
2014 Sotchi
86%
2010 Vancouver
85%
1992 Albertville
84%
2022 Pekin
81%
2006 Turin
80%
1968 Grenoble
73%
2002 Salt Lake City
72%
1952 Oslo
70%
1924 Chamonix
67%
1998 Nagano
58%
1994 Lillehammer
52%
1988 Calgary
51%
2018 Pyeongchang
50%
1964 Innsbruck
49%
1976 Innsbruck
49%
1928 Saint Moritz
44%
1948 Saint Moritz
44%
1984 Sarajevo
41%
1956 Cortina d'Ampezzo
40%
1932 Lake Placid
40%
1980 Lake Placid
40%
1972 Sapporo
38%
1936 Garmisch-Partenkirchen
29%
1960 Squaw Valley
25%
Aucun quiz correspondant
Distribution des résultats
% des personnes avec chaque résultat
Percentile par nombre de réponses
Votre historique - résultats
Vous n’avez pas pris ce quiz